| 000 | 00571nam a2200205 4500 | ||
|---|---|---|---|
| 001 | 6103 | ||
| 010 | _a9789720728401 | ||
| 021 | _b390861/15 | ||
| 090 | _a6103 | ||
| 100 | _a20151110d2015 e y0pory50030103ba | ||
| 200 | 1 |
_aGeorge e seta despedida _fMaria Judite de Carvalho |
|
| 205 | _a1ª ed. | ||
| 210 | 9 |
_aPorto _cPorto Editora, _d2015 |
|
| 215 |
_a48 p. _cil. _d20 cm |
||
| 225 | 2 | _aEducação literária | |
| 300 | _aLeitura recomendada, 12º ano | ||
| 675 |
_a821.134.3-34 _vPT _zpor |
||
| 700 | 1 |
_aCarvalho, _bMaria Judite de, _f1921-1998 |
|
| 801 | 0 |
_aPT _bBMVN _gRPC |
|
| 990 | _cLIVROS | ||